LEADER 01486nam a2200337 u 4500 001 000000011363 003 CaOOAMICUS 005 20070226105422.0 008 940516s1991 it u000 u ita u 020 $a88-263-0836-5 035 $a10279228 040 $aPUL$bita 041 1 $aita$hgrc 100 0 $aTatianus,$dsec. II.$0(OLS)http://pul/name/10953 240 10$aOratio ad Graecos.$lItaliano.$0(OLS)http://pul/title/16473 245 10$aDiscorso ai Greci :$bapologetica cristiana e dogmi della cultura pagana /$cTaziano il Siro ; a cura di Salvatore Di Cristina. 260 $aRoma :$bBorla,$c1991. 300 $a170 p. ;$c19 cm 490 1 $aCultura cristiana antica.$aTesti 500 $aComprende indici. 600 04$aTatianus,$dsec. II.$tOratio ad Graecos.$0(OLS)http://pul/subject/8715 650 4$aApologetica$yChiesa delle origini, c. 30-600.$0(OLS)http://pul/subject/5619 700 1 $aDi Cristina, Salvatore.$0(OLS)http://pul/name/10954 830 0$aCultura cristiana antica.$pTesti.$0(OLS)http://pul/title/458 850 $aPUL 852 $aPUL$W1$xSL Religione 1$y3$m21 F 47$j16086$nBK-PRI$b $qStampati$B16086$CPULBib$Z2$F16086 $H $81 941 1 $a8 961 $aINV: 66569 996 $6020$a88-263-0836-5$9(OLS)http://pul/number/14505 996 $6245$aDiscorso ai Greci :$bapologetica cristiana e dogmi della cultura pagana$9(OLS)http://pul/title/16474 996 $6260$aRoma :$bBorla$9(OLS)http://pul/publisher/48061 LEADER 01157nam a2200253 u 4500 001 000000090510 003 CaOOAMICUS 005 20070226124730.0 008 051215q1925 it u000 u ita u 035 $a11072642 040 $aPUL(R)$bita 100 1 $aHoornaert, Georges,$cS.I.,$dn. 1876.$0(OLS)http://pul/name/37967 245 10$aA coloro che hanno vent'anni :$bper la tattica di un combattimento /$cG. Hoornaert ; prefazione del P. Vermeersch. 260 $aRoma :$bFrancesco Ferrari,$c[1925] 300 $axii, 295 p. ;$c22 cm 500 $aSul front.: trad. autorizzata del dott. A. Cojazzi. 504 $aBibliofrafia in nota. 650 4$aEducazione dei giovani.$0(OLS)http://pul/subject/1340 700 1 $aVermeersch, Arthur,$cS.I.,$d1858-1936.$0(OLS)http://pul/name/17790 850 $aPUL 852 $aPUL$W1$xDP1 Fondo Pastorale$y55$mP19 B 6$j114208$nBK-PRI$b $qFondi$B114208$CPULBib$Z2$F114208 $H $81 941 1 $a1 996 $6245$aA coloro che hanno vent'anni :$bper la tattica di un combattimento$9(OLS)http://pul/title/71540 996 $6260$aRoma :$bFrancesco Ferrari$9(OLS)http://pul/publisher/54001